| 000 | 00425nam a2200133Ia 4500 | ||
|---|---|---|---|
| 005 | 20260326235443.0 | ||
| 008 | 260326s9999||||xx |||||||||||||| ||und|| | ||
| 100 | _aDyroff, Hans-Dieter | ||
| 245 | 0 |
_aProtection and Cultural animation of monuments, sites and historic Towns in Europe / _cHans-Dieter Dyroff |
|
| 260 | _bGerman Commission for UNESCO | ||
| 300 | _a394 p. | ||
| 650 | _aRESATURACIÓN Y CONSERVACIÓN | ||
| 942 | _cBK | ||
| 999 |
_c7497 _d7497 |
||